<?xml version="1.0" encoding="UTF-8"?>
<record
    xmlns:xsi="http://www.w3.org/2001/XMLSchema-instance"
    xsi:schemaLocation="http://www.loc.gov/MARC21/slim http://www.loc.gov/standards/marcxml/schema/MARC21slim.xsd"
    xmlns="http://www.loc.gov/MARC21/slim">

  <leader>03019nam a22003017a 4500</leader>
  <controlfield tag="003">OSt</controlfield>
  <controlfield tag="005">20251024111555.0</controlfield>
  <controlfield tag="007">cr ||||||a|c|a</controlfield>
  <controlfield tag="008">240319s2019    mx ||||fom||| 001 0 spa d</controlfield>
  <datafield tag="040" ind1=" " ind2=" ">
    <subfield code="e">rda</subfield>
  </datafield>
  <datafield tag="100" ind1="1" ind2=" ">
    <subfield code="9">129221</subfield>
    <subfield code="a">Aguirre L&#xF3;pez, Juan Manuel</subfield>
  </datafield>
  <datafield tag="245" ind1="1" ind2=" ">
    <subfield code="a">An&#xE1;lisis de redes sociales en la agricultura :</subfield>
    <subfield code="b">el m&#xE1;iz en M&#xE9;xico /</subfield>
    <subfield code="c">por Juan Manuel Aguirre L&#xF3;pez; director Ignacio Caamal Cauich</subfield>
  </datafield>
  <datafield tag="264" ind1=" " ind2="1">
    <subfield code="a">Chapingo, M&#xE9;xico :</subfield>
    <subfield code="b">El autor,</subfield>
    <subfield code="c">2019</subfield>
  </datafield>
  <datafield tag="300" ind1=" " ind2=" ">
    <subfield code="a">1 recurso en l&#xED;nea (114 p&#xE1;ginas):</subfield>
    <subfield code="b">cuadros, figuras</subfield>
  </datafield>
  <datafield tag="336" ind1=" " ind2=" ">
    <subfield code="2">rdacontent</subfield>
    <subfield code="a">texto</subfield>
    <subfield code="b">txt</subfield>
  </datafield>
  <datafield tag="337" ind1=" " ind2=" ">
    <subfield code="2">rdamedia</subfield>
    <subfield code="a">computadora</subfield>
    <subfield code="b">c</subfield>
  </datafield>
  <datafield tag="338" ind1=" " ind2=" ">
    <subfield code="2">rdacarrier</subfield>
    <subfield code="a">recurso en l&#xED;nea</subfield>
    <subfield code="b">cr</subfield>
  </datafield>
  <datafield tag="502" ind1=" " ind2=" ">
    <subfield code="b">DCEA</subfield>
    <subfield code="c">DICEA</subfield>
    <subfield code="d">2019</subfield>
    <subfield code="g">DOC</subfield>
  </datafield>
  <datafield tag="504" ind1=" " ind2=" ">
    <subfield code="a">Incluye referencias bibliogr&#xE1;ficas: p&#xE1;ginas 11, 31, 85</subfield>
  </datafield>
  <datafield tag="520" ind1=" " ind2=" ">
    <subfield code="a">El ma&#xED;z en M&#xE9;xico juega un papel hist&#xF3;rico preponderante en su agricultura. El objetivo de la presente investigaci&#xF3;n fue aplicar el an&#xE1;lisis de redes sociales al estudio de la adopci&#xF3;n de innovaciones entre peque&#xF1;os productores de ma&#xED;z y, el comercio mundial del grano. Con el fin de comprender la influencia de la red en las decisiones de adopci&#xF3;n del productor y, la evoluci&#xF3;n global en sus intercambios comerciales. Esto se realiz&#xF3; integrando dos estudios: el primero, abord&#xF3; los patrones de adopci&#xF3;n de pr&#xE1;cticas de agricultura de conservaci&#xF3;n de peque&#xF1;os productores de ma&#xED;z en el estado de Chiapas, M&#xE9;xico; y el segundo, analiz&#xF3; los flujos del comercio mundial del ma&#xED;z. Para ello, la informaci&#xF3;n fue obtenida de entrevistas a productores de ma&#xED;z y, de bases de datos de exportaci&#xF3;n e importaci&#xF3;n del grano en dos momentos de an&#xE1;lisis, 2005 y 2016. Los resultados indicaron, por un lado, qu&#xE9;, en el proceso de adopci&#xF3;n de pr&#xE1;cticas de agricultura de conservaci&#xF3;n los productores toman decisiones interrelacionadas, afectadas por la estructura de la red y los atributos individuales; y por el otro, las redes del comercio global del ma&#xED;z de los a&#xF1;os analizados tuvieron cambios notables en sus estructuras, tanto el n&#xFA;mero de pa&#xED;ses involucrados, como en el nivel de interacci&#xF3;n entre los mismos que aument&#xF3;, por lo que el valor de la densidad pas&#xF3; de 27.2% a 35.7%. Posicion&#xE1;ndose Estados Unidos y M&#xE9;xico como pa&#xED;s l&#xED;der exportador e importador, respectivamente. Se concluye que el an&#xE1;lisis de redes sociales permiti&#xF3; comprender la afiliaci&#xF3;n de los productores con diferentes agentes fuentes de informaci&#xF3;n y los cambios en los flujos del comercio global del ma&#xED;z. Es as&#xED;, como este an&#xE1;lisis puede aplicarse a diferentes &#xE1;reas de la agricultura desde perspectivas diferentes.</subfield>
  </datafield>
  <datafield tag="650" ind1=" " ind2="4">
    <subfield code="9">135122</subfield>
    <subfield code="a">Ma&#xED;z</subfield>
    <subfield code="x">Innovaciones tecnol&#xF3;gicas</subfield>
    <subfield code="z">M&#xE9;xico</subfield>
  </datafield>
  <datafield tag="650" ind1=" " ind2="4">
    <subfield code="9">71007</subfield>
    <subfield code="a">Ma&#xED;z</subfield>
    <subfield code="x">Mercadeo</subfield>
  </datafield>
  <datafield tag="650" ind1=" " ind2="4">
    <subfield code="9">71041</subfield>
    <subfield code="a">Ma&#xED;z</subfield>
    <subfield code="x">Producci&#xF3;n</subfield>
  </datafield>
  <datafield tag="650" ind1=" " ind2="7">
    <subfield code="9">188911</subfield>
    <subfield code="a">Ma&#xED;z</subfield>
    <subfield code="x">Redes de valor</subfield>
  </datafield>
  <datafield tag="700" ind1="1" ind2=" ">
    <subfield code="a">Caamal Cauich, Ignacio</subfield>
    <subfield code="e">Director</subfield>
    <subfield code="9">16527</subfield>
  </datafield>
  <datafield tag="856" ind1=" " ind2=" ">
    <subfield code="u">http://10.13.5.2/tesis/td/AGUIRRE_LOPEZ_JUANMANUEL.pdf</subfield>
    <subfield code="z">DESCARGAR PDF</subfield>
  </datafield>
  <datafield tag="942" ind1=" " ind2=" ">
    <subfield code="2">Clasificaci&#xF3;n Universidad Aut&#xF3;noma Chapingo</subfield>
    <subfield code="c">TD</subfield>
  </datafield>
  <datafield tag="999" ind1=" " ind2=" ">
    <subfield code="c">219822</subfield>
    <subfield code="d">219822</subfield>
  </datafield>
  <datafield tag="952" ind1=" " ind2=" ">
    <subfield code="0">0</subfield>
    <subfield code="1">0</subfield>
    <subfield code="2">local</subfield>
    <subfield code="4">0</subfield>
    <subfield code="5">1</subfield>
    <subfield code="7">0</subfield>
    <subfield code="8">TesdigD</subfield>
    <subfield code="a">BD</subfield>
    <subfield code="b">BD</subfield>
    <subfield code="c">E_L</subfield>
    <subfield code="d">2024-03-19</subfield>
    <subfield code="l">0</subfield>
    <subfield code="o">Tesis digital</subfield>
    <subfield code="r">2024-03-19 00:00:00</subfield>
    <subfield code="w">2024-03-19</subfield>
    <subfield code="y">TD</subfield>
  </datafield>
</record>
